000
00311 a2200133 4500
999
_c
9831
_d
9831
003
OSt
005
20220304120128.0
008
220304b ||||| |||| 00| 0 eng d
020
_a
9780631201588
082
_a
415
100
_a
Robert Chametzky
245
_a
Phrase Structure: From Gb to Minimalism
942
_2
ddc